Statystyki dla Stolice krajów Europy

Kliknij tutaj aby rozwiązać quiz!

Ogólne statystyki

  • Ten quiz został rozwiązany 32 razy
  • Średni wynik to 36 z 46

Statystyki odpowiedzi

KrajStolica% Poprawnych
PolskaWarszawa
100%
NorwegiaOslo
96%
NiemcyBerlin
92%
UkrainaKijów
92%
Wielka BrytaniaLondyn
92%
HiszpaniaMadryt
92%
BiałoruśMińsk
92%
RosjaMoskwa
92%
BułgariaSofia
92%
HolandiaAmsterdam
88%
GrecjaAteny
88%
DaniaKopenhaga
88%
PortugaliaLizbona
88%
FrancjaParyż
88%
CzechyPraga
88%
WłochyRzym
88%
AustriaWiedeń
88%
ChorwacjaZagrzeb
88%
Andora
Andora
84%
BelgiaBruksela
84%
IrlandiaDublin
84%
WatykanWatykan
84%
LitwaWilno
84%
MonakoMonako
80%
ŁotwaRyga
80%
San MarinoSan Marino
80%
SzwecjaSztokholm
80%
TurcjaAnkara
76%
SłowacjaBratysława
76%
WęgryBudapeszt
76%
FinlandiaHelsinki
76%
LuksemburgLuksemburg
76%
EstoniaTallin
76%
RumuniaBukareszt
72%
Bośnia i HercegowinaSarajewo
72%
SzwajcariaBerno
68%
MołdawiaKiszyniów
68%
MaltaValletta
68%
SerbiaBelgrad
64%
SłoweniaLublana
64%
KosowoPrisztina
64%
AlbaniaTirana
64%
LiechtensteinVaduz
64%
MacedoniaSkopje
60%
CzarnogóraPodgorica
48%
IslandiaRejkiawik
44%

Rozkład punktacji

Percentyl według liczby udzielonych odpowiedzi

Procent ludzi z każdym wynikiem

Twoja historia wyników

Nie rozwiązałeś tego quizu